The System Bible study : (Record no. 6840)
[ view plain ]
| 000 -LEADER | |
|---|---|
| fixed length control field | 01034nam a2200253Ka 4500 |
| 001 - CONTROL NUMBER | |
| control field | 25737 |
| 003 - CONTROL NUMBER IDENTIFIER | |
| control field | GBCCL |
| 005 - DATE AND TIME OF LATEST TRANSACTION | |
| control field | 20241126110613.0 |
| 008 - FIXED-LENGTH DATA ELEMENTS--GENERAL INFORMATION | |
| fixed length control field | 821216s1933 xx 000 0 eng u |
| 035 ## - SYSTEM CONTROL NUMBER | |
| System control number | (OCoLC)09061203 |
| 040 ## - CATALOGING SOURCE | |
| Transcribing agency | IHH |
| 049 ## - | |
| -- | LBBK |
| 082 ## - DEWEY DECIMAL CLASSIFICATION NUMBER | |
| Classification number | 220.07 |
| -- | 220.0202 |
| Item number | SYS |
| 092 ## - LOCALLY ASSIGNED DEWEY CALL NUMBER (OCLC) | |
| Classification number | 220.07 |
| Item number | B218 |
| 245 04 - TITLE STATEMENT | |
| Title | The System Bible study : |
| Remainder of title | being an effort to give the most complete, the most concise and the most useful book of classified Bible helps. The gems--the masterpieces--the crown jewels--the heart of the Bible / |
| Statement of responsibility, etc. | By many of the world's greatest Bible scholars. |
| 250 ## - EDITION STATEMENT | |
| Edition statement | Rev. and enl. ed. of 1943. |
| 260 ## - PUBLICATION, DISTRIBUTION, ETC. | |
| Place of publication, distribution, etc. | Chicago, : |
| Name of publisher, distributor, etc. | System Bible company, |
| Date of publication, distribution, etc. | 1964. |
| 300 ## - PHYSICAL DESCRIPTION | |
| Extent | 786 p. : |
| -- | 2 pt. in 1 v. : |
| Other physical details | ill., maps ; |
| Dimensions | 22 cm. |
| 504 ## - BIBLIOGRAPHY, ETC. NOTE | |
| Bibliography, etc. note | Index follows paging. |
| 505 0# - FORMATTED CONTENTS NOTE | |
| Formatted contents note | I. Historical and general information (p. 5-363)--II. Classified Scriptures (p. 1-787) |
| 630 08 - SUBJECT ADDED ENTRY--UNIFORM TITLE | |
| Uniform title | Bible. |
| General subdivision | Study. |
| -- | Handbooks, manuals, etc. |
| 9 (RLIN) | 12261 |
| 650 #8 - SUBJECT ADDED ENTRY--TOPICAL TERM | |
| Topical term or geographic name entry element | Bible |
| General subdivision | Handbooks, manuals, etc. |
| 9 (RLIN) | 11928 |
| 942 ## - ADDED ENTRY ELEMENTS (KOHA) | |
| Source of classification or shelving scheme | Dewey Decimal Classification |
| Koha item type | Reference Books |
| Withdrawn status | Lost status | Source of classification or shelving scheme | Damaged status | Not for loan | Home library | Current Library | Shelving location | Date acquired | Total checkouts | Full call number | Barcode | Date last seen | Copy number | Price effective from | Koha item type |
|---|---|---|---|---|---|---|---|---|---|---|---|---|---|---|---|
| Dewey Decimal Classification | GRACE BIBLE COLLEGE | GRACE BIBLE COLLEGE | Handbook | 2018-06-29 | 220.07 SYS | 013274 | 2025-05-01 | c.2 | 2018-06-29 | Reference Books | |||||
| Dewey Decimal Classification | GRACE BIBLE COLLEGE | GRACE BIBLE COLLEGE | Handbook | 2022-02-14 | 220.07 SYS | 005394 | 2025-05-01 | c.1 | 2022-02-14 | Reference Books |